Direct Flights from Turkey - Statistics

General Stats
  • This quiz has been taken 219 times
  • The average score is 104 of 118
Answers on the Map
Answers color-coded by a green-red scale on the quiz's map according to % correct below.
 
Answer Stats
Answer % Correct
France
99%
Russia
99%
Germany
98%
Egypt
97%
India
97%
Italy
97%
Netherlands
97%
Saudi Arabia
97%
United Kingdom
97%
Belgium
96%
China
96%
Greece
96%
Poland
96%
Spain
96%
Sweden
96%
United Arab Emirates
96%
Austria
95%
Azerbaijan
95%
Canada
95%
Denmark
95%
Morocco
95%
Portugal
95%
Switzerland
95%
United States
95%
Finland
94%
Iran
94%
Iraq
94%
Ireland
94%
Japan
94%
Kazakhstan
94%
Norway
94%
Oman
94%
Pakistan
94%
Serbia
94%
Turkey
94%
Algeria
93%
Brazil
93%
Bulgaria
93%
Israel
93%
Jordan
93%
Mexico
93%
Qatar
93%
Slovakia
93%
Uzbekistan
93%
Albania
92%
Armenia
92%
Bosnia and Herzegovina
92%
Croatia
92%
Czechia
92%
Estonia
92%
Georgia
92%
Hungary
92%
Indonesia
92%
Latvia
92%
Lithuania
92%
Romania
92%
Slovenia
92%
South Africa
92%
South Korea
92%
Thailand
92%
Tunisia
92%
Kuwait
91%
Libya
91%
Sudan
91%
Turkmenistan
91%
Belarus
90%
Tajikistan
90%
Vietnam
90%
Afghanistan
89%
Democratic republic of the Congo
89%
Ethiopia
89%
North Macedonia
89%
Kenya
88%
Kosovo
88%
Lebanon
88%
Mongolia
88%
Montenegro
88%
Niger
88%
Cyprus
87%
Malaysia
87%
Nepal
87%
Nigeria
87%
Senegal
87%
Mali
86%
Tanzania
86%
Bahrain
85%
Chad
84%
Kyrgyzstan
84%
Ghana
83%
Philippines
83%
Somalia
83%
Moldova
82%
Republic of the Congo
82%
Singapore
82%
Angola
81%
Colombia
81%
Bangladesh
80%
Cameroon
80%
Malta
79%
Mauritania
79%
Maldives
78%
Cuba
77%
South Sudan
76%
Taiwan
75%
Eritrea
74%
Luxembourg
74%
Uganda
74%
Ivory Coast
73%
Rwanda
72%
Djibouti
71%
Panama
71%
Benin
69%
Burkina Faso
65%
Gabon
65%
Mauritius
63%
Venezuela
61%
Seychelles
58%
Gambia
53%
No matching quizzes found
Score Distribution
Percent of People with Each Score
Percentile by Number Answered
Your Score History
You have not taken this quiz